2020 Formula One Season Quiz - Statistics

General Stats
  • This quiz has been taken 1,163 times
  • The average score is 12 of 20
Answer Stats
Questions? Answer % Correct
How many races happened? 17
96%
Which team launched a protest against Mercedes dual-axis steering system? Red Bull
92%
Which Formula 1 team withdrew from the Australian Grand Prix after one member tested positive for COVID? McLaren
85%
How many podium finished did Ferrari get? 3
83%
Who replaced Sergio Perez and Lance Stroll when each of them contracted COVID-19? Nico Hulkenberg
79%
How many red flags were seen this season? 4
70%
How many cars retired at the Tuscan Grand Prix? 8
68%
Where did the pre-season testing take place? Barcelona
68%
Which driver got pole position at the Turkish Grand Prix? Lance Stroll
67%
Which driver raced for two different teams during the season? George Russell
63%
What song did Sebastian Vettel sing when a dog came on track in Bahrain? Who let the dogs out
62%
In which country did Max Verstappen have an unlucky streak and end up retiring at every race held there? Italy
57%
What did Romain Grosjean hit in the Bahrain Grand Prix? Barrier
56%
Who replaced Romain Grosjean for Haas after his crash? Pietro Fittipaldi
55%
Name one of the two races where Mercedes scored no podiums Sakhir/Monza
55%
Which driver said they were 'not staying behind like a grandma'? Max Verstappen
53%
At which race did Lewis Hamilton match Michael Schumacher's record for the most formula one race wins? Eifel Grand Prix
33%
Which driver stopped Max Verstappen from getting a 'grand slam' in Abu Dhabi Daniel Ricciardo
29%
How much were Racing Point fined for copying Mercedes brake ducts? €400,000
19%
What did the top that Lewis Hamilton wore on the podium in Tuscany say that was deemed controversial? Arrest the cops that killed Breonna Taylor
10%
No matching quizzes found
Score Distribution
Percent of People with Each Score
Percentile by Number Answered
Your Score History
You have not taken this quiz